000 00987nam a2200289Ia 4500
005 20240816110046.0
008 130821s2011 xxua gr eng
020 _a9780470074848
_cv.1
020 _a9780470074855
_cv.2
020 _a9780470074862
_cv.3
020 _a9780470074879
_cv.4
040 _aCo-BoUCM
_bspa
_cDavid Moreno (modificó)
_dDavid Moreno (modificó)
041 0 0 _aeng
060 _aWA 400
245 0 0 _aPatty's industrial hygiene
_cVernon E. Rose, Barbara Cohrssen, editoras
250 _a6th ed.
260 _aHoboken (Nueva Jersey, Estados Unidos)
_bWiley
_c2011
300 _a4 volúmenes
_bilustraciones
650 0 4 _aEnfermedades ocupacionales
_914437
650 0 4 _aHigiene industrial
_916833
650 0 4 _aMedicina industrial
_919164
650 0 4 _aSalud ocupacional
_923954
650 0 4 _aErgonomía laboral
_9182009
700 1 _aCohrssen, Barbara.
_9182010
700 1 _aRose, Vernon E.
_9182011
942 _cLIBRO
_a15
_e6
_mP322
_2NLM
_hWA 400
_n0
999 _c40649
_d40649